Practical Biochemistry (Record no. 8608)

MARC details
000 -LEADER
fixed length control field 00415nam a22001577a 4500
003 - CONTROL NUMBER IDENTIFIER
control field OSt
008 - FIXED-LENGTH DATA ELEMENTS--GENERAL INFORMATION
fixed length control field 200320b ||||| |||| 00| 0 eng d
020 ## - INTERNATIONAL STANDARD BOOK NUMBER
International Standard Book Number 9788123922300
100 ## - MAIN ENTRY--PERSONAL NAME
Personal name Gupta, R. C
245 ## - TITLE STATEMENT
Title Practical Biochemistry
250 ## - EDITION STATEMENT
Edition statement 5th Revised (2018)
260 ## - PUBLICATION, DISTRIBUTION, ETC. (IMPRINT)
Place of publication, distribution, etc New Delhi
Name of publisher, distributor, etc CBS Publishers & Distributors
300 ## - PHYSICAL DESCRIPTION
Extent 245
650 ## - SUBJECT ADDED ENTRY--TOPICAL TERM
Topical term or geographic name as entry element Applied Biochemistry and clinical chemistry
942 ## - ADDED ENTRY ELEMENTS (KOHA)
Source of classification or shelving scheme Dewey Decimal Classification
Koha item type Text Books
Holdings
Withdrawn status Lost status Source of classification or shelving scheme Damaged status Not for loan Collection code Home library Current library Date acquired Source of acquisition Currency Cost, normal purchase price Bill Number Total Checkouts Full call number Acc. no. / Barcode Date last seen Date last borrowed Actual Cost, discounted price Bill Date Koha item type Shelving location
    Dewey Decimal Classification     B.Pharma PIET C-LIBRARY PIET C-LIBRARY 07/01/2020 Kirti Prakashan IN Rupees 295.00 IN5980 1 572 GUP BP399 09/09/2025 22/05/2025 191.75 07/01/2020 Text Books  
    Dewey Decimal Classification     B.Pharma PIET C-LIBRARY PIET C-LIBRARY 07/01/2020 Kirti Prakashan IN Rupees 295.00 IN5980   572 GUP BP400 20/03/2020   191.75 07/01/2020 Text Books  
    Dewey Decimal Classification     B.Pharma PIET C-LIBRARY PIET C-LIBRARY 07/01/2020 Kirti Prakashan IN Rupees 295.00 IN5980 1 572 GUP BP401 24/06/2025 19/06/2025 191.75 07/01/2020 Text Books  
    Dewey Decimal Classification     B.Pharma PIET C-LIBRARY PIET C-LIBRARY 07/01/2020 Kirti Prakashan IN Rupees 295.00 IN5980   572 GUP BP402 20/03/2020   191.75 07/01/2020 Reference Books Ref. Sec. R04

Design & Developed by: PIET Central Library
R70 Miles Stone Pattikalyana Samalkha Panipat 132102
mail ID :- [email protected], Phone No:- 0180-2569700 Ex.216